000 01097nam2a22002411 4500
001 rc\104652
005 20250620194510.0
010 _a5-84493-006-4
_950000
035 _a(NLR Aleph) 005393499
090 _a7207392
_c7207392
100 _a20021216d1993 |||y0rusy50 ca
101 0 _arus
102 _aRU
105 _aa |||||||||
200 0 _aТ. 1
210 _dБ. г. (1993)
_aБ. м.
215 _a270, [2] с.
_cил.
461 0 _1001rc\104651
_12001#$aПохождения штандартенфюрера СС фон Штирлица$eВ 2 т.$fБорис Леонтьев, Нестор Бегемотов, Павел Асс$vТ. 1
_1700#1$aЛеонтьев$bБ.К.$gБорис Константинович$f1966-
_97207385
_aЛеонтьев, Б.К. (1966-)
_cМ.
_dБ. г.
_fБорис Леонтьев, Нестор Бегемотов, Павел Асс
_nОверлей
_oВ 2 т.
_tПохождения штандартенфюрера СС фон Штирлица
_vТ. 1
801 0 _aRU
_bNLR
_gpsbo
801 1 _aRU
_bELAR
_2rusmarc
852 _aNLR
_j93-3/6756
942 _cBOOK
980 _aNB